Statistics for Can you guess the fortnite locations (chapter 1) by picture

Click here to take the quiz!

General Stats

  • This quiz has been taken 324 times
  • The average score is 13 of 28

Answer Stats

Answer% Correct
Tomato Town
87%
Loot Lake
78%
Tilted Towers
78%
Salty Springs
75%
Wailing Woods
70%
Risky Reels
68%
Pleasant Park
67%
Retail Row
67%
Lonely Lodge
61%
Paradise Palms
61%
Polar Peak
59%
Fatal Fields
52%
Lazy Links
52%
Snobby Shores
52%
Lucky Landing
50%
Motel
50%
Junk Junction
48%
Shifty Shafts
47%
Viking Village
40%
Anarchy Acres
39%
Mega Mall
37%
Moisty Mire
36%
Factories
22%
Soccer Stadium
18%
Disco
13%
Starry Suburbs
12%
Dusty Devot
6%
Edit House
5%

Score Distribution

Percentile by Number Answered

Percent of People with Each Score

Your Score History

You have not taken this quiz